| 000 | 00422nam a2200157 a 4500 | ||
|---|---|---|---|
| 001 | 000010297 | ||
| 005 | 20200929162220.0 | ||
| 008 | 091006s1993 dr a 001 0 spa d | ||
| 040 | _aDO-SdBNP | ||
| 082 |
_axxx _bF363n |
||
| 100 | 1 |
_aFernández G. , Lily _925312 |
|
| 245 | 1 | 0 |
_aNueva forma de vivir / _cLily Fernández G. |
| 260 |
_aSanto Domingo, : _bTaller, _c1993. |
||
| 300 |
_a59 p. : _bil ; _c23 cm. |
||
| 049 | _aBNPD | ||
| 999 |
_c10056 _d10056 |
||